Oficjalne nazwy państw świata - Statystyki

Ogólne statystyki
  • Ten quiz został rozwiązany 1 309 razy
  • Średni wynik to 32 z 196
Odpowiedzi na mapie
Odpowiedzi zakodowano w zielono-czerwonej skali na mapie do tego quizu, zgodnie z poniższymi procentami.
 
Statystyki odpowiedzi
Państwo % Poprawnych
Rzeczpospolita Polska
85%
Stany Zjednoczone Ameryki
70%
Kanada
61%
Federacja Rosyjska
51%
Republika Czeska
46%
Chińska Republika Ludowa
41%
Królestwo Danii
41%
Królestwo Szwecji
41%
Królestwo Norwegii
40%
Królestwo Hiszpanii
39%
Republika Francuska
38%
Republika Federalna Niemiec
37%
Ukraina
34%
Islandia
33%
Królestwo Niderlandów
32%
Republika Włoska
31%
Zjednoczone Królestwo Wielkiej Brytanii i Irlandii Północnej
30%
Japonia
29%
Republika Irlandii
29%
Republika Słowacka
29%
Królestwo Belgii
28%
Republika Finlandii
28%
Republika Południowej Afryki
28%
Republika Litewska
27%
Zjednoczone Emiraty Arabskie
27%
Demokratyczna Republika Konga
26%
Republika Estońska
26%
Republika Łotewska
26%
Republika Białorusi
25%
Republika Austrii
24%
Księstwo Monako
23%
Mongolia
23%
Republika Portugalska
23%
Republika Bułgarii
22%
Republika Chorwacji
22%
Republika Korei
22%
Republika Serbii
22%
Republika Środkowoafrykańska
22%
Republika Grecka
21%
Republika Mołdawii
21%
Republika Słowenii
21%
Rumunia
21%
Węgry
21%
Republika Albanii
20%
Republika Kosowa
20%
Republika Turcji
20%
Koreańska Republika Ludowo-Demokratyczna
19%
Nowa Zelandia
19%
Republika Chińska
19%
Republika Kazachstanu
19%
Republika Macedonii Północnej
19%
Bośnia i Hercegowina
18%
Królestwo Arabii Saudyjskiej
18%
Księstwo Andory
18%
Księstwo Liechtensteinu
18%
Republika Chile
18%
Republika Indii
18%
Republika Konga
18%
Republika Malty
18%
Czarnogóra
17%
Republika Armenii
17%
Republika Azerbejdżanu
17%
Republika Peru
17%
Republika Zielonego Przylądka
17%
Republika Ekwadoru
16%
Republika Gwatemali
16%
Republika Kolumbii
16%
Republika Paragwaju
16%
Republika San Marino
16%
Gruzja
15%
Islamska Republika Iranu
15%
Jamajka
15%
Królestwo Tajlandii
15%
Republika Angoli
15%
Republika Czadu
15%
Republika Hondurasu
15%
Republika Kostaryki
15%
Republika Kuby
15%
Republika Madagaskaru
15%
Republika Mali
15%
Republika Panamy
15%
Republika Salwadoru
15%
Republika Sudanu
15%
Republika Uzbekistanu
15%
Belize
14%
Konfederacja Szwajcarska
14%
Republika Argentyńska
14%
Republika Beninu
14%
Republika Botswany
14%
Republika Cypryjska
14%
Republika Filipin
14%
Republika Ghany
14%
Republika Gwinei
14%
Republika Haiti
14%
Republika Indonezji
14%
Republika Kamerunu
14%
Republika Kenii
14%
Republika Malawi
14%
Republika Mozambiku
14%
Republika Namibii
14%
Republika Nigru
14%
Republika Nikaragui
14%
Republika Senegalu
14%
Republika Sudanu Południowego
14%
Republika Surinamu
14%
Republika Tadżykistanu
14%
Republika Turkmenistanu
14%
Republika Ugandy
14%
Republika Zambii
14%
Republika Zimbabwe
14%
Saint Lucia
14%
Wyspy Salomona
14%
Republika Burundi
13%
Republika Iraku
13%
Republika Liberii
13%
Republika Rwandy
13%
Republika Sierra Leone
13%
Wielkie Księstwo Luksemburga
13%
Barbados
12%
Królestwo Eswatini
12%
Królestwo Lesotho
12%
Republika Dominikańska
12%
Republika Dżibuti
12%
Republika Gambii
12%
Republika Gwinei Bissau
12%
Republika Gwinei Równikowej
12%
Republika Nauru
12%
Republika Palau
12%
Republika Seszeli
12%
Republika Wybrzeża Kości Słoniowej
12%
Trynidad i Tobago
12%
Tuvalu
12%
Antigua i Barbuda
11%
Królestwo Bhutanu
11%
Republika Fidżi
11%
Republika Kiribati
11%
Republika Mauritiusu
11%
Republika Vanuatu
11%
Saint Vincent i Grenadyny
11%
Burkina Faso
10%
Grenada
10%
Malezja
10%
Meksykańskie Stany Zjednoczone
10%
Państwo Izrael
10%
Republika Malediwów
10%
Republika Singapuru
10%
Republika Wysp Marshalla
10%
Islamska Republika Pakistanu
9%
Królestwo Bahrajnu
9%
Królestwo Marokańskie
9%
Republika Libańska
9%
Republika Tunezyjska
9%
Sułtanat Omanu
9%
Związek Australijski
9%
Królestwo Kambodży
8%
Państwo Watykańskie
8%
Republika Gabońska
8%
Arabska Republika Egiptu
7%
Boliwariańska Republika Wenezueli
7%
Królestwo Tonga
7%
Republika Jemeńska
7%
Republika Kirgiska
7%
Republika Togijska
7%
Socjalistyczna Republika Wietnamu
7%
Federacyjna Republika Brazylii
6%
Islamska Republika Mauretańska
6%
Islamski Emirat Afganistanu
6%
Państwo Brunei Darussalam
6%
Sfederowane Stany Mikronezji
6%
Wielonarodowe Państwo Boliwia
6%
Algierska Republika Ludowo-Demokratyczna
5%
Demokratyczna Republika Wysp Świętego Tomasza i Książęcej
5%
Demokratyczno-Socjalistyczna Republika Sri Lanki
5%
Federalna Demokratyczna Republika Etiopii
5%
Federalna Republika Nigerii
5%
Federalna Republika Somalii
5%
Haszymidzkie Królestwo Jordanii
5%
Kooperacyjna Republika Gujany
5%
Laotańska Republika Ludowo-Demokratyczna
5%
Ludowa Republika Bangladeszu
5%
Państwo Erytrea
5%
Państwo Katar
5%
Państwo Kuwejt
5%
Państwo Libia
5%
Republika Związku Mjanmy
5%
Syryjska Republika Arabska
5%
Wschodnia Republika Urugwaju
5%
Wspólnota Bahamów
5%
Wspólnota Dominiki
5%
Zjednoczona Republika Tanzanii
5%
Związek Komorów
5%
Demokratyczna Republika Timoru Wschodniego
4%
Federacja Saint Kitts i Nevis
4%
Federalna Demokratyczna Republika Nepalu
4%
Niezależne Państwo Papui-Nowej Gwinei
4%
Niezależne Państwo Samoa
4%
Nie znaleziono quizów pasujących do podanych kryteriów
Rozkład punktacji
Procent ludzi z każdym wynikiem
Percentyl według liczby udzielonych odpowiedzi
Twoja historia wyników
Nie rozwiązałeś tego quizu